El género y la etnicidad como barreras para el desarrollo: mujeres indígenas, acceso a recursos en Ecuador en perspectiva latinoamericana = Gender and ethnicity as barriers for development: indigenous women, access to resources in Ecuador with a Latin American perspective /
Dentro de una investigación original sobre las mujeres Kichwa y Tsáchila en Ecuador, el artículo aborda los obstáculos experimentados por las mujeres indígenas de expresar sus derechos y recursos en el contexto de los programas de desarrollo. El artículo identifica el racismo, el conocimiento sesgad...
Gorde:
| Egile nagusia: | |
|---|---|
| Formatua: | Texto |
| Hizkuntza: | Spanish |
| Gaiak: | |
| Etiketak: |
Etiketa erantsi
Etiketarik gabe, Izan zaitez lehena erregistro honi etiketa jartzen!
|
MARC
| LEADER | 00000 a a2200000 04500 | ||
|---|---|---|---|
| 001 | 47989 | ||
| 003 | cru CIDCACS/IIS | ||
| 005 | 20220420105804.0 | ||
| 007 | ta | ||
| 008 | 181129b ||||| |||| 00| 0 spa d | ||
| 040 | |c cru CIDCACS/IIS | ||
| 100 | |a Radcliffe, Sarah A. | ||
| 245 | |a El género y la etnicidad como barreras para el desarrollo: mujeres indígenas, acceso a recursos en Ecuador en perspectiva latinoamericana = |b Gender and ethnicity as barriers for development: indigenous women, access to resources in Ecuador with a Latin American perspective / |c Sarah A. Radcliffe | ||
| 520 | |a Dentro de una investigación original sobre las mujeres Kichwa y Tsáchila en Ecuador, el artículo aborda los obstáculos experimentados por las mujeres indígenas de expresar sus derechos y recursos en el contexto de los programas de desarrollo. El artículo identifica el racismo, el conocimiento sesgado, y los supuestos arraigos sobre las mujeres y los indígenas como los factores principales influyendo en la marginalización de las mujeres indígenas. El artículo termina con una discusión sobre las críticas de las mujeres indígenas sobre el desarrollo y sus recomendaciones para el futuro. | ||
| 650 | 0 | |9 88 |a MUJERES | |
| 650 | 0 | |9 1123 |a DESARROLLO RURAL | |
| 650 | 0 | |9 421 |a DERECHOS DE LA MUJER | |
| 650 | 0 | |9 113 |a PARTICIPACION DE LA MUJER | |
| 650 | 4 | |9 3737 |a POBLACION INDIGENA | |
| 650 | 0 | |9 633 |a DISCRIMINACION RACIAL | |
| 650 | 4 | |9 2011 |a RECURSOS NATURALES | |
| 650 | 0 | |9 8041 |a OBSTACULOS AL DESARROLLO | |
| 650 | 0 | |9 3294 |a DESARROLLO | |
| 650 | 0 | |9 404 |a RACISMO | |
| 651 | 0 | |9 17 |a AMERICA LATINA | |
| 651 | 0 | |9 74 |a ECUADOR | |
| 773 | |g número5, (2014), páginas 11-34 | ||
| 942 | |2 ddc |c PP | ||
| 999 | |c 25312 |d 25312 | ||
